000
00311nam a2200109Ia 4500
008
171211s9999 xx 000 0 und d
245
_a
Bayesian Analysis in Natural Language Processing
245
_c
Shay Cohen
260
_c
2016
650
_x
SOFTWARE
856
_u
http://down.ebook777.com/064/9781627058735.pdf
999
_c
349288
_d
349288